The good-bye book /

A child, on the verge of being left behind by parents who are going out for the evening, comes up with a variety of pleas and excuses.

Bibliographic Details
Main Author: Viorst, Judith
Other Authors: Chorao, Kay (Illustrator)
Format: Book
Language:English
Published: New York : Atheneum, 1988.
Subjects:

MARC

Tag First Indicator Second Indicator Subfields
LEADER 00000cam a22000008a 4500
001 in00000020314
005 20151007053900.0
008 870108s1988 nyua j 00011 eng
010 |a  87001778  
020 |a 068931308X :  |c $12.95 
035 |a (OCoLC)15109274 
035 |9 AAB3155AM 
040 |a DLC  |c DLC  |d m/c  |d TXA  |d UtOrBLW 
049 |a [Curr Col] TXAM  |c [A11052415] 
050 0 0 |a PZ7.V816  |b Go 1988 
082 0 |a [E]  |2 19 
100 1 |a Viorst, Judith. 
245 1 4 |a The good-bye book /  |c by Judith Viorst ; illustrated by Kay Chorao. 
263 |a 8803 
264 1 |a New York :  |b Atheneum,  |c 1988. 
300 |a 33 unnumbered pages :  |b color illustrations 
336 |a text  |b txt  |2 rdacontent 
337 |a unmediated  |b n  |2 rdamedia 
338 |a volume  |b nc  |2 rdacarrier 
520 |a A child, on the verge of being left behind by parents who are going out for the evening, comes up with a variety of pleas and excuses. 
650 1 |a Separation anxiety  |x Fiction. 
650 1 |a Parent and child  |x Fiction. 
700 1 |a Chorao, Kay,  |e illustrator. 
999 |a MARS 
999 f f |s 75c5e62f-e7d5-3d99-9c3e-9a46d18702b8  |i 09965a57-be88-38f3-acd0-23a150e593a0  |t 0 
952 f f |p ric  |a Texas A&M University  |b Rellis Campus  |c Joint Library Facility  |d Remote Storage  |t 0  |e PZ7.V816 Go 1988  |h Library of Congress classification  |i unmediated -- volume  |m A14811052415 
998 f f |a PZ7.V816 Go 1988  |t 0  |l Remote Storage